000 00558cab a2200205 4500
001 X189
008 090401t1992 xxu||||| |||| 00| 0 eng d
035 _a(Sirsi) u64307
041 _aeng
245 _aR V Holderness BC ex parte James Robert Developments Ltd
260 _c1992
350 _a0
490 _aProperty and Compensation Reports
_v(1992) 64 PCR 100-104(5)
520 _aQBD 25 November 1991.
650 _aBUILDER
650 _aPLANNING COMMITTEES
690 _aPLANNING LAW AND PRACTICE-CASE LAW
942 _n0
948 _c04/03/1997
999 _c40048
_d40048